000
00178nam a2200073Ia 4500
008
170524s9999 xx 000 0 und d
100
_a
GHOSH- B
245
0
_a
ECONOMIC ENVIRONMENT OF BUSINESS
260
_b
HIMALAYA
999
_c
7937
_d
7937